000 00652nam a2200181Ia 4500
003 GCL
008 140319s9999 xx 000 0 ara d
040 _aGCL /
_cGCL
082 0 4 _a822.008
_bب م
100 1 _aباتريك، جون
245 1 0 _a"مشرب شاى ""قمر اغسطس"" : مسرحية (هدية من الاديب عبدالفتاح الجمل)" /
_cباتريك، جون
300 _a162 ص
490 _aكتب الجوائز العالمية
_v0
650 0 4 _aالمسرحيات الامريكية
650 0 4 _aالادب العالمى المترجم
650 0 4 _aالادب الامريكى العالمى
942 _2ddc
_cBK
999 _c40037
_d40037